000 01338cam a2200349 i 4500
001 4364
003 FISKH
005 20240813083313.0
008 170515s2017 caua j 000 1 eng
010 _a 2017012861
020 _a9781684120383 (hardcover)
040 _aDLC
_beng
_cDLC
_erda
_dDLC
050 _aPZ7.M768
082 _a812.54
100 1 _aMontgomery, L. M.
_q(Lucy Maud),
_d1874-1942
245 1 0 _aAnne of Green Gables :
_ban illustrated classic /
_cby L. M. Montgomery.
260 _aPhnom Penh :
_bFootprints International School,
_c2024.
300 _a386 pages :
_billustrations ;
_c21 cm
336 _atext
_btxt
_2rdacontent
337 _aunmediated
_bn
_2rdamedia
338 _avolume
_bnc
_2rdacarrier
520 _aAnne, an eleven-year-old orphan, is sent by mistake to live with a lonely, middle-aged brother and sister on a Prince Edward Island farm and proceeds to make an indelible impression on everyone around her.
650 1 _aOrphans
_vFiction.
650 1 _aFriendship
_vFiction.
650 1 _aIslands
_vFiction.
650 1 _aCountry life
_zPrince Edward Island
_vFiction.
651 1 _aPrince Edward Island
_xHistory
_y20th century
_vFiction.
651 1 _aCanada
_xHistory
_y1867-1914
_vFiction.
906 _a7
_bcbc
_corignew
_d1
_eecip
_f20
_gy-gencatlg
942 _2ddc
_cBK
_n0
999 _c4364
_d4364